| 000 | 01271nab a22002537a 4500 | ||
|---|---|---|---|
| 999 |
_c5315 _d5315 |
||
| 003 | OSt | ||
| 005 | 20250218124557.0 | ||
| 008 | 190603e xxum|||| |||| 00| 0 spa d | ||
| 040 | _cPJ-TDF | ||
| 100 |
_96114 _aTale, Camilo |
||
| 245 | 1 | 0 |
_aAnatocismo : _bcuestiones de interpretación del art. 770 Cód. Civ. y Com. / _cCamilo Tale. |
| 260 |
_cCiudad Autónoma de Buenos Aires : _aThomson Reuters La Ley, _b2024. |
||
| 300 | _ap. 42-53 | ||
| 500 | _aCita: TR LALEY AR/DOC/1985/2024. Publicado en: R.C.C. y C. 2024 (Septiembre-Octubre). EDICIÓN ESPECIAL: XXIX Jornadas Nacionales de Derecho Civil. | ||
| 505 | _aSumario: I. Introducción.— II. Algunas cuestiones relativas al inc. a).— III. Algunas cuestiones de interpretación del inc. b).— IV. Algunas cuestiones de interpretación del inc. c). | ||
| 505 | _t¿Te interesa el texto completo? Solicitalo al correo: koha@justierradelfuego.gov.ar | ||
| 650 | 0 |
_92597 _aDEFENSA DEL CONSUMIDOR |
|
| 650 | 0 |
_9533 _aINTERESES |
|
| 650 | 0 |
_96365 _aANATOCISMO |
|
| 650 | 0 |
_91497 _aCODIGO CIVIL Y COMERCIAL |
|
| 650 | 0 |
_92725 _aMORA |
|
| 773 | 0 |
_02713 _93170 _dCiudad Autónoma de Buenos Aires : Thomson Reuters La Ley, 2015- _tRevista Código Civil y Comercial. Nº 5 - Septiembre-Octubre 2024 |
|
| 942 |
_2udc _cANA |
||